00395nam a2200109Ia 45000010005000000080041000050200022000460820023000681000016000912450149001072600029002563771241024s9999 xx 000 0 und d a978-9945-8538-8-9 aRD/336.01/Q5t/2013 aLarry Queza 0atres hábitos para crear abundancia. Programa universal de Educación Financiera Básica eb el Hogar para crear empleos y reducir la pobreza. bImpresión Tele 3c2013